000 00621nam a22001697a 4500
999 _c7982
_d7982
003 GBCCL
005 20241126110641.0
008 181122b ||||| |||| 00| 0 eng d
040 _cGBC
082 _aARCH GBC-2008
_bSAM
100 _aSamal. Dilip Kumar
_913932
245 _aA Comparative Study on the Doctrine of Salvation in Hinduism and Christianity With Special Reference to Nepalese |
_cDilip Kumar Samal
260 _aNew Lamka:
_bGrace Bible College,
_c2008
300 _avi + 51 p.;
_c20.5 x 29 cm.
650 _aSoteriology
_vDoctrine of Salvation
_vHinduism
_vChristianity
_xNepalese
_zNepal
_913933
942 _2ddc
_cTH